| 000 | 01050nam a2200205 a 4500 | ||
|---|---|---|---|
| 001 | 56444 | ||
| 005 | 20180714052214.0 | ||
| 008 | 140415s2007 mx 000 0 spa d | ||
| 020 | _a9689184438 | ||
| 041 | _aspa | ||
| 082 |
_a320.1 _bROD |
||
| 100 | 1 | _aRODRIGUEZ ROMERO, SALVADOR | |
| 245 | 1 | 0 | _aINTRODUCCION A LA TEORIA GENERAL DEL ESTADO |
| 250 | _a1a ed. | ||
| 260 |
_aMEXICO : _bPOPOCATEPETL EDITORES, _c2007 |
||
| 300 |
_a274 _c14 x 1.5 x 22 |
||
| 490 | _aTEXTOS JURIDICOS | ||
| 520 | _aSOBRE EL ESTADO SE HA ESCRITO, MUCHO LO MISMO A FAVOR QUE EN CONTRA, PERO SIEMPRE SE HA RECOCNOCIDO SU RELAIDAD Y SU AUTORIDAD, ASI POR EJEMPLO, EN AQUELLOS TIEMPO: LE ENVIARON A JESUS, ALGUNOS FARISEOS Y HERODIANOS, A FIN DE ENREDARLO EN ALGUNA PALABRA. VINIERON ELLOS Y LE DIJERON: MAESTRO, SABEMOS QUE TU ERES VERAZ, QUE NO TIENES MIEDO A NADIE, Y QUE NO MIRAS LA CARA DE LOS HOMBRES, SINO QUE ENSEÑAS EL CAMINO DE DIOS CON VERDAD. ¿ES ILICITO EL TRIBUTO A CESAR?¿PAGAREMOS O NO PAGARE | ||
| 650 | 1 | 4 |
_aCIENCIAS POLITICAS _xESTADO |
| 999 |
_c56444 _d56444 |
||